Science Quiz

Random Science or Clickable Quiz

Biochemical Classification of Chemotherapy Agents II Quiz Stats

 Plays Quiz not verified by Sporcle

Challenge
Share
Tweet
Embed
Score 0/17 Timer 10:00
0 Plays Today
% Correct
Folate antagonist
83.3%
Purine analogue
83.3%
Purine analogue
83.3%
Pyrimidine analogue
83.3%
Folate antagonist
66.7%
Purine analogue
66.7%
Purine analogue
66.7%
Purine analogue
66.7%
Cytidine analogue
50%
% Correct
Cytidine analogue
50%
Purine analogue
50%
Purine analogue
50%
Pyrimidine analogue
50%
Cytidine analogue
33.3%
Cytidine analogue
33.3%
Pyrimidine analogue
33.3%
Pyrimidine analogue
33.3%

You're not logged in!

Compare scores with friends on all Sporcle quizzes.
Join for Free
OR
Log In

You Might Also Like...

Show Comments

Extras

Top Quizzes Today


Score Distribution

Your Account Isn't Verified!

In order to create a playlist on Sporcle, you need to verify the email address you used during registration. Go to your Sporcle Settings to finish the process.

Report this User

Report this user for behavior that violates our Community Guidelines.

Details: